V reunión latinoamericana de Electroquímica y corrosión: anales
Guardado en:
| Autor Corporativo: | |
|---|---|
| Formato: | Libro |
| Lenguaje: | español |
| Publicado: |
Concepción
Departamento Ingeniería Metalúrgica. Facultad de Ingeniería Universidad de Concepción
1980
|
| Edición: | 1a. ed |
| Colección: | Metalurgia Extractiva
|
| Materias: | |
| Etiquetas: |
Agregar Etiqueta
Sin Etiquetas, Sea el primero en etiquetar este registro!
|
MARC
| LEADER | 00000cam a2200000 a 4500 | ||
|---|---|---|---|
| 001 | UCC6755 | ||
| 003 | CL-VaPUC | ||
| 005 | 20210807001648.0 | ||
| 008 | 190103e19800000cl 1 spa d | ||
| 082 | 0 | 4 | |a 541.37 |b DEP |2 21 |
| 110 | 2 | |a Departamento Ingeniería Metalúrgica. Facultad de Ingeniería Universidad de Concepción |e author |9 622362 | |
| 245 | 1 | 0 | |a V reunión latinoamericana de Electroquímica y corrosión: anales |
| 250 | |a 1a. ed | ||
| 260 | |a Concepción |b Departamento Ingeniería Metalúrgica. Facultad de Ingeniería Universidad de Concepción |c 1980 | ||
| 300 | |a 480 p | ||
| 490 | 0 | |a Metalurgia Extractiva | |
| 583 | |a last modification |c 20190909 09:34:00 |k Rodrigo Vera | ||
| 650 | 0 | 0 | |a Electroquímica |9 263973 |
| 650 | 0 | 7 | |a CORROSION |2 CL-VaPUC |9 271912 |
| 942 | |c BK | ||
| 945 | |a dcastane |d 20190103 17:32:00 | ||
| 546 | |a En Español | ||
| 536 | |a Facultad de Ingeniería Universidad de Concepción | ||
| 518 | |p Reunión Latinoamericana de Electroquímica y Corrosión, 5, Concepción, 29 septiembre al 3 octubre de 1980 | ||
| 999 | |c 384950 |d 384948 | ||
| 952 | |0 0 |1 0 |3 erb |4 0 |6 541_370000000000000_DEP_1980 |7 0 |8 A |9 507963 |a BIBING |b BIBING |i 5527821 |o 541.37 DEP 1980 |p 5527821 |r 2025-01-20 |w 2020-01-23 |y BK |z Catalogado en:20190103 |k EIQ | ||